| 000 | 01171nam a2200253 a 4500 | ||
|---|---|---|---|
| 001 | 00001568 | ||
| 003 | DO-SdBNP | ||
| 005 | 20211101094941.0 | ||
| 008 | 100217s1955 dr 001 0 spa d | ||
| 040 |
_aDO-SdBNP _bspa _cBNPHU |
||
| 049 | _aBNPD | ||
| 082 | 4 |
_222 _a336.3435 _bT776t |
|
| 245 | 0 | 3 | _aEl tratado Trujillo-Hull y la cancelación total de la deuda externa de la República. |
| 260 |
_aCiudad Trujillo, República Dominicana : _bSecretaría de Estado de Finanzas, _c1955. |
||
| 300 |
_a118, [14] p. ; _c23 cm. |
||
| 500 | _aA la cabeza de la portada: Publicación de la Secretaría de Estado de Finanzas, contentiva de históricos documentos, en ocación del Año del Benefactor, conmemorativo del 25 aniversario de la Era de Trujillo. | ||
| 650 | 1 | 4 |
_aDeuda pública _zRepública Dominicana _910016 |
| 650 | 1 | 4 |
_aTratado trujillo-hull _910017 |
| 651 | 1 | 4 |
_aEstados Unidos _xRelaciones Exteriores _zRepública Dominicana _96309 |
| 651 | 1 | 4 |
_aRepública Dominicana _xRelaciones Exteriores _zEstados Unidos _96308 |
| 651 | 1 | 4 |
_aRepública Dominicana _xPolítica Económica _xHistoria _910018 |
| 910 | _aValidado. Control de calidad MMOLINA | ||
| 942 |
_2ddc _cLBS1 |
||
| 999 |
_c15241 _d15241 |
||